000 01542cad a22002775a 4500
001 L160090
008 120529s2010 xxk g 000 0 eng d
035 _a(Sirsi) u160090
041 0 _aeng
110 _aFederation International Des Geometres
111 2 _aFIG Working Week 2010
_bSydney, Australia
_c11-16 April 2010
245 0 0 _aMonitoring bridges by GNSS
_h[electronic resource]
260 _aSydney
_bFIG
_c2010
520 _aResearch into the use of GNSS to monitor the deflections of bridges has been ongoing at the Universities of Nottingham and Brunel for well over 12 years. The work initially focussed on large bridges such as the Humber and Forth suspension bridges, but then also included the London Millennium Bridge as well as a 174m long motorway viaduct. The following paper brings the reader up to date with the work conducted more recently, including the monitoring of a cable stayed bridge in Korea, as well as two further large bridges in the UK.
650 2 4 _aENGINEERING SURVEYING
650 2 4 _aDEFORMATION MEASUREMENTS
650 2 4 _aBRIDGES
651 4 _aKorea
651 4 _aUnited Kingdom
690 _aGeomatics
_96242
700 1 _aRoberts, Gethin Wyn
700 1 _aBrown, Chris
856 4 0 _uhttps://www.rics.org/Global/Downloads/Monitoring_Bridges_by_GNSS.pdf
_zView the paper free of charge at www.rics.org
856 4 0 _uhttps://fig.net/resources/proceedings/fig_proceedings/fig2010/ppt/ts01d/ts01d_roberts_brown_ppt_4452.pdf
_zView the presentation free of charge at www.fig.net
942 _n0
999 _c116207
_d116207